000 00416nam a22001817a 4500
003 MPLRDC
005 20220104113756.0
008 210129b ||||| |||| 00| 0 eng d
082 _a857.45 GY-10 v.1
100 _a高阳
245 _a印心石
_c
250 _a四印
260 _a
_b民生报社
_c1985
300 _b
490 _a民生报丛书
650 _a历史小说
942 _cBK
_o857.45 GY-10 v.1
999 _c2267
_d2257